| 000 | 00632nam a2200205 i 4500 | ||
|---|---|---|---|
| 001 | bgj | ||
| 100 | 1 |
_aHeine, Heinrich _d(1797-1856). |
|
| 245 | 1 | 0 |
_aHeine : _bein Lesebuch für unsere Zeit / _cHeinrich Heine ; [hrsg.] von Walther Victor. |
| 246 | 1 | 0 |
_iLessing, Goethe, Heine : _aLesebücher für unsere Zeit. |
| 260 |
_aErfurt : _bThüringer Volksverlag, _c1951. |
||
| 300 |
_aXXVII, 480 s., [1] k. : _bil. ; _c20 cm. |
||
| 650 | 9 | _aLiteratura niemiecka | |
| 700 | 1 | _aVICTOR, Walther. | |
| 040 | _cBPK | ||
| 041 | 0 | _ager | |
| 044 | _aDEU | ||
| 080 | _a821.112.2 | ||
| 942 | _cKS | ||
| 008 | s gw f |000 0 ger | ||
| 999 |
_c50332 _d50332 |
||
| 856 |
_uhttp://koha.tu.koszalin.pl/cgi-bin/koha/opac-detail.pl?biblionumber=50332 _yKatalog online BPK |
||